Egyptian Deities - Sudden Death - Statistics

General Stats
  • This quiz has been taken 160 times
  • The average score is 12 of 16
Answers on the Grid
Answers color-coded by a green-red scale on the quiz's grid according to % correct below.
Amaterasu
Amun
Anansi
Anubis
Artemis
Baldur
Bastet
Brigid
Dievas
Freyja
Hathor
Hermes
Horus
Isis
Khonsu
Kukulkan
Lakshmi
Marduk
Nephthys
Osiris
Parvati
Perun
Ptah
Quetzalcōātl
Ra
Sekhmet
Set
Shango
Sobek
Tefnut
Thoth
Veles
 
Answer Stats
Answer % Correct
Anubis
94%
Ra
88%
Isis
87%
Horus
86%
Amun
85%
Osiris
84%
Set
78%
Thoth
78%
Sekhmet
76%
Bastet
69%
Tefnut
68%
Ptah
63%
Sobek
58%
Hathor
57%
Nephthys
53%
Khonsu
43%
No matching quizzes found
Score Distribution
Percent of People with Each Score
Percentile by Number Answered
Your Score History
You have not taken this quiz